Denver Nuggets 2018-19 Roster - Statistics

General Stats
  • This quiz has been taken 187 times
  • The average score is 9 of 18
Answer Stats
Nbr Post Player % Correct
15 C Nikola Jokic
99%
27 PG Jamal Murray
96%
14 SG Gary Harris
76%
4 PF Paul Millsap
74%
5 SG Will Barton
72%
1 PF Michael Porter Jr.
67%
- Head Coach Michael Malone
61%
24 PF Mason Plumlee
60%
11 PG Monte Morris
56%
25 SG Malik Beasley
43%
3 SF Torrey Craig
42%
41 PF Juancho Hernangomez
38%
7 PF Trey Lyles
32%
0 PG Isaiah Thomas
28%
8 PF Jared Vanderbilt
20%
20 PF Tyler Lydon
15%
45 C Thomas Welsh
13%
23 SG DeVaughn Akoon-Purcell
7%
No matching quizzes found
Score Distribution
Percent of People with Each Score
Percentile by Number Answered
Your Score History
You have not taken this quiz